Gaming Quiz

Random Gaming or Mario Quiz

Playable Mario Party Characters Quiz Stats

 Plays Quiz Updated Jun 26, 2015

Score 0/21 Timer 04:00
10 Plays Today
First Game Character % Correct
Mario PartyMario
99.7%
Mario PartyLuigi
98.6%
Mario PartyPrincess Peach
97.2%
Mario PartyYoshi
90.9%
Mario PartyWario
90.8%
Mario Party 5Toad
88.2%
Mario Party 3Waluigi
86.7%
Mario Party 3Princess Daisy
86.1%
Mario PartyDonkey Kong
84.5%
Mario Party 9Koopa Troopa
73.2%
Mario Party 5Koopa Kid
70.4%
First Game Character % Correct
Mario Party 5Boo
66.8%
Mario Party 6Toadette
63.6%
Mario Party 7Birdo
58.1%
Mario Party 7Dry Bones
55.8%
Mario Party 9Shy Guy
49.5%
Mario Party 10Rosalina
48.8%
Mario Party 8Hammer Bro.
36.8%
Mario Party 8Blooper
35.6%
Mario Party 9Kamek
30.9%
Mario Party 10Spike
27.5%

You're not logged in!

Compare scores with friends on all Sporcle quizzes.
OR
Log In

Sporcle TV

Today on Sporcle TV


Watch our educational content, quiz creation guides, and fun videos on Sporcle TV.

Show Comments

Extras

Top Quizzes Today


Score Distribution

Your Account Isn't Verified!

In order to create a playlist on Sporcle, you need to verify the email address you used during registration. Go to your Sporcle Settings to finish the process.

Report this User

Report this user for behavior that violates our Community Guidelines.

Details: